Cropland inventories using and orbital imaging radar
Kaydedildi:
| Yazar: | |
|---|---|
| Diğer Yazarlar: | |
| Materyal Türü: | Bilinmiyor |
| Dil: | English |
| Baskı/Yayın Bilgisi: |
Houston Texas: National Aeronautics and Space Administration
1977
|
| Etiketler: |
Etiketle
Etiket eklenmemiş, İlk siz ekleyin!
|
MARC
| LEADER | 00000 a2200000 4500 | ||
|---|---|---|---|
| 003 | MV0060 | ||
| 005 | 20221231143752.0 | ||
| 008 | 140114s1977 txua 000 ||eng d | ||
| 040 | |c cru CEDI | ||
| 090 | |a MV 60 | ||
| 100 | |a Thomas F, Bush |9 21475 | ||
| 245 | |a Cropland inventories using and orbital imaging radar | ||
| 260 | |c 1977 |b Houston Texas: National Aeronautics and Space Administration | ||
| 300 | |a 168, [8] páginas:ilustraciones | ||
| 500 | |a Remote Sensing Laboratory RSL Technical Report 330-4. contract Nas 9-15003 | ||
| 700 | |9 21474 |a Fawwaz T, Ulaby | ||
| 942 | |c MX | ||
| 999 | |c 11557 |d 11557 | ||
